ニ。線と線の間隔について - Statistics

General Stats
  • This quiz has been taken 10 times
  • The average score is 14 of 16
Answer Stats
Question Answer % Correct
カタカナ
100%
カタカナ
100%
カタカナ
100%
漢字
100%
カタカナ
86%
カタカナ
86%
カタカナ
86%
漢字
86%
漢字
86%
漢字
86%
漢字
86%
カタカナ
71%
カタカナ
71%
漢字
71%
漢字
71%
漢字
71%
No matching quizzes found
Score Distribution
Percent of People with Each Score
Percentile by Number Answered
Your Score History
You have not taken this quiz